=LDR 00000nam 2200000 4500 =001 INLIS000000000043843 =005 20131008103904 =008 ***********************************eng** =035 ##$$0010-101300000001765 =041 ##$$a eng =082 ##$$a 781.709 59 =090 ##$$a R 781.709 59, Tio m =100 ##$$a Tiongson, Nicanor G =245 ##$$a The musics of Asean, Nicanor G Tiongson =260 ##$$a 1995 $b Philipina =300 ##$$a 304 hlm, ilus, 25 cm =650 ##$$a Musik Primitif-Asean =850 ##$$a NBPNMAT